Software Engineering (Record no. 61100)

MARC details
000 -LEADER
fixed length control field 00503nam a22001937a 4500
003 - CONTROL NUMBER IDENTIFIER
control field nam a22 7a 4500
005 - DATE AND TIME OF LATEST TRANSACTION
control field 20230722115412.0
008 - FIXED-LENGTH DATA ELEMENTS--GENERAL INFORMATION
fixed length control field 230722b |||||||| |||| 00| 0 eng d
040 ## - CATALOGING SOURCE
Transcribing agency Library of Congress Catalog Card
082 ## - DEWEY DECIMAL CLASSIFICATION NUMBER
Classification number 005.1
Item number JHA
100 ## - MAIN ENTRY--PERSONAL NAME
Personal name Manish Kumar Jha
9 (RLIN) 45364
245 ## - TITLE STATEMENT
Title Software Engineering
250 ## - EDITION STATEMENT
Edition statement 1st
260 ## - PUBLICATION, DISTRIBUTION, ETC.
Place of publication, distribution, etc. NEW DELHI
Name of publisher, distributor, etc. Dhanpati Rai
Date of publication, distribution, etc. 2011
300 ## - PHYSICAL DESCRIPTION
Extent 502p;
500 ## - GENERAL NOTE
General note Quantity - 2
650 ## - SUBJECT ADDED ENTRY--TOPICAL TERM
Topical term or geographic name entry element Computer Science
942 ## - ADDED ENTRY ELEMENTS (KOHA)
Source of classification or shelving scheme Dewey Decimal Classification
Koha item type Books
Suppress in OPAC No
Holdings
Withdrawn status Lost status Source of classification or shelving scheme Damaged status Not for loan Home library Current library Shelving location Date acquired Total Checkouts Full call number Barcode Date last seen Price effective from Koha item type
    Dewey Decimal Classification     Central Library, Trident Academy of Technology Central Library, Trident Academy of Technology General Stacks 07/22/2023   005.1 JHA 53836 07/22/2023 07/22/2023 Books
    Dewey Decimal Classification     Central Library, Trident Academy of Technology Central Library, Trident Academy of Technology General Stacks 07/22/2023   005.1 JHA 60070 07/22/2023 07/22/2023 Books
Trident Academy of Technology © 2023.
All rights reserved.                                                                                                                                                                                                        Designed by Team of Central Library .

Powered by Koha